| 000 | 00396nam a2200157Ia 4500 | ||
|---|---|---|---|
| 008 | 230711s9999||||xx |||||||||||||| ||und|| | ||
| 041 | _aENG | ||
| 082 |
_a5 _bGA-O |
||
| 100 | _aGayakwad,R.A | ||
| 245 | 0 | _aOp-Amps and linear integrated circuits | |
| 250 | _a2nd Ed. | ||
| 260 |
_c1988 _aNew Delhi _bPHI Learning Private Limited |
||
| 300 | _a622 | ||
| 650 | _aComputer Engineering | ||
| 942 | _cBK | ||
| 999 |
_c1742 _d1742 |
||